Brassai módszere

Elmentve itt :
Bibliográfiai részletek
Szerző: Gál Kelemen
Dokumentumtípus: Cikk
Megjelent: 1914
Sorozat:Magyar pedagógia : a Magyar Tudományos Akadémia Pedagógiai Bizottságának folyóirata 23
Kulcsszavak:Brassai Sámuel, Neveléselmélet magyar 19. sz., Brassai Sámuel
Online Access:http://misc.bibl.u-szeged.hu/9199
LEADER 00669nab a2200181 i 4500
001 misc9199
005 20191106143523.0
008 170607s1914 hu o 0|| hun d
022 |a 0025-0260 
040 |a SZTE Miscellanea Repozitórium  |b hun 
041 |a hun 
100 1 |a Gál Kelemen 
245 1 0 |a Brassai módszere  |h [elektronikus dokumentum] /  |c  Gál Kelemen 
260 |c 1914 
300 |a 21-29 
490 0 |a Magyar pedagógia : a Magyar Tudományos Akadémia Pedagógiai Bizottságának folyóirata  |v 23 
695 |a Brassai Sámuel, Neveléselmélet magyar 19. sz., Brassai Sámuel 
856 4 0 |u http://misc.bibl.u-szeged.hu/9199/1/mp_1914_1973_021-029.pdf  |z Dokumentum-elérés